The new housing safety rating system (Record no. 75105)
[ view plain ]
| 000 -LEADER | |
|---|---|
| fixed length control field | 01473cab a2200217 4500 |
| 001 - CONTROL NUMBER | |
| control field | ##L129429 |
| 008 - FIXED-LENGTH DATA ELEMENTS--GENERAL INFORMATION | |
| fixed length control field | 050419n2005 000 0 eng u |
| 035 ## - SYSTEM CONTROL NUMBER | |
| System control number | (Sirsi) u129429 |
| 041 0# - LANGUAGE CODE | |
| Language code of text/sound track or separate title | eng |
| 100 1# - MAIN ENTRY--PERSONAL NAME | |
| Personal name | Hopkins, Phillip |
| 245 04 - TITLE STATEMENT | |
| Title | The new housing safety rating system |
| 260 ## - PUBLICATION, DISTRIBUTION, ETC. | |
| Date of publication, distribution, etc. | 2005 |
| 490 0# - SERIES STATEMENT | |
| Series statement | Letting Update Journal |
| Volume/sequential designation | 13(1) April 2005, 15-17(2) |
| 520 ## - SUMMARY, ETC. | |
| Summary, etc. | The first article in a series on the provisions of the Housing Act 2004, explores the new Health and Housing Safety Rating System (HHSRS) due to be implemented in Autumn 2005 and its likely effect on landlords and tenants. As part of the government decent homes strategy HHSRS is being introduced as a replacement for the current housing fitness regime, which was established by provisions in the Housing Act 1985 and the Local Government and Housing Act 1989. Looks in detail at HHSRS including the risk assessment system, enforcement framework and landlords' responsibilities. Concludes that the operation of the hazard assessment system is less than clear and that it will only be workable and fair if the requirements are intelligible to the average landlord. Sources of further information provided. |
| 590 ## - LOCAL NOTE (RLIN) | |
| Local note | IKA290405 |
| 650 24 - SUBJECT ADDED ENTRY--TOPICAL TERM | |
| Topical term or geographic name entry element | HOUSING ACT 2004 PART I |
| 650 24 - SUBJECT ADDED ENTRY--TOPICAL TERM | |
| Topical term or geographic name entry element | DCLG DECENT HOMES STANDARD |
| 651 #4 - SUBJECT ADDED ENTRY--GEOGRAPHIC NAME | |
| Geographic name | England |
| Chronological subdivision | 886- |
| 690 ## - LOCAL SUBJECT ADDED ENTRY--TOPICAL TERM (OCLC, RLIN) | |
| Topical term or geographic name as entry element | RESIDENTIAL PROPERTY-LEASEHOLD RESIDENTIAL PROPERTY-RESIDENTIAL LANDLORD AND TENANT-RESIDENTIAL LANDLORD AND TENANT REFORM |
| 942 ## - ADDED ENTRY ELEMENTS (KOHA) | |
| Suppress in OPAC | 0 |
| Withdrawn status | Lost status | Source of classification or shelving scheme | Damaged status | Not for loan | Home library | Current library | Shelving location | Date acquired | Total Checkouts | Full call number | Barcode | Date last seen | Copy number | Price effective from | Koha item type |
|---|---|---|---|---|---|---|---|---|---|---|---|---|---|---|---|
| Dewey Decimal Classification | London | London | Journal article | 19/04/2005 | L129429 | 129429-1001 | 06/08/2019 | 1 | 06/08/2019 | Journal article |